Využitie nových technológií pri prezentácii umenia a dizajnu v múzeách a galériách /
Gespeichert in:
| 1. Verfasser: | |
|---|---|
| Weitere Verfasser: | |
| Format: | Manuskript Buch |
| Sprache: | Slowakisch |
| Veröffentlicht: |
Bratislava :
Fakulta architektúry STU,
2018
|
| Schlagworte: | |
| Online-Zugang: | http://is.stuba.sk/zp/portal_zp.pl?podrobnosti=127921 |
| Tags: |
Keine Tags, Fügen Sie das erste Tag hinzu!
|
MARC
| LEADER | 00000ntm a22000003a 4500 | ||
|---|---|---|---|
| 001 | stuzp54627 | ||
| 003 | SK-STU | ||
| 005 | 20230317094109.3 | ||
| 007 | ta | ||
| 008 | 150427s2015----xo-----f-mn---000-0-slo-d | ||
| 035 | |a biblio/77874 |2 CREPC2 | ||
| 040 | |a STU |b slo | ||
| 041 | 0 | |a slo |b eng | |
| 044 | |a xo | ||
| 100 | 1 | |a Ebringerová, Paulína |u 050035 |k Z2 |4 aut |9 100 |U FAD Fakulta architektúry |T FA Kabinet výtvarnej tvorby |X 48794 |U A0035 |Y 471 |7 A000048794 | |
| 242 | 0 | 1 | |a The use of New technologies in Presentations od Arf and Design in Museums and Galleries |y eng |
| 245 | 1 | 0 | |a Využitie nových technológií pri prezentácii umenia a dizajnu v múzeách a galériách / |c aut. Paulína Ebringerová ; škol. Milan Lukáč |
| 260 | |a Bratislava : |b Fakulta architektúry STU, |c 2018 | ||
| 300 | |a 130 s. | ||
| 650 | 4 | |a experience |2 eng | |
| 650 | 4 | |a design |2 eng | |
| 650 | 4 | |a art |2 eng | |
| 650 | 4 | |a technology |2 eng | |
| 650 | 4 | |a presentation |2 eng | |
| 650 | 4 | |a dizajn |2 slo | |
| 650 | 4 | |a umenie |2 slo | |
| 650 | 4 | |a prezentácia |2 slo | |
| 650 | 4 | |a zážitok |2 slo | |
| 650 | 4 | |a technológie |2 slo | |
| 700 | 1 | |a Lukáč, Milan |u 059200 |k Z1 |4 ths |U FAD Fakulta architektúry |T FA Ústav výtvarnej tvorby a multimédií |X 432 |U A9200 |Y 821 |7 A000000432 | |
| 856 | 4 | |u http://is.stuba.sk/zp/portal_zp.pl?podrobnosti=127921 |u https://opac.crzp.sk/?fn=detailBiblioForm&sid=233ADDCA5EB56A1007E83E31D49A | |
| 996 | |b 284AU07741 |c A* 10994/V |l AAKNST |s P |a 0 |w stuzp54627_0001 | ||